Comparing policy networks : labor politics in the U.S., Germany, and Japan

Αποθηκεύτηκε σε:
Λεπτομέρειες βιβλιογραφικής εγγραφής
Άλλοι συγγραφείς: Knoke, David
Μορφή: Βιβλίο
Γλώσσα:English
Δημοσίευση: Cambridge [England] : Cambridge University Press, 1996
Σειρά:Cambridge studies in comparative politics
Θέματα:
Ετικέτες: Προσθήκη ετικέτας
Δεν υπάρχουν, Καταχωρήστε ετικέτα πρώτοι!

MARC

LEADER 00000nam a2200000 i 4500
001 1/77456
008 080314s1996 eng d
020 |a 0-521-49927-5 
035 |l 10095449 
040 |a GR-MY-UA  |b gre  |e aacr 
041 0 |a eng 
082 0 |a 331.12  |2 (22) 
245 1 0 |a Comparing policy networks :  |b labor politics in the U.S., Germany, and Japan /  |c David Knoke ... [κ.ά.] 
260 |a Cambridge [England] :   |b Cambridge University Press,   |c 1996 
300 |a xiv, 288 σ.;  |b εικ., πίν.;  |c 23 εκ. 
490 1 |a Cambridge studies in comparative politics 
504 |a Βιβλιογραφία: σ. [263]-278 
504 |a Ευρετήριο: σ. [277]-288 
650 0 0 |a Labor policy  |z United States. 
650 0 0 |a Labor policy  |z Germany. 
650 0 0 |a Labor policy  |z Japan. 
650 0 0 |a Industrial policy  |z United States. 
650 0 0 |a Industrial policy  |z Germany. 
650 0 0 |a Industrial policy  |z Japan. 
700 1 |a Knoke, David. 
830 0 |a Cambridge studies in comparative politics 
852 |a INST  |b LESVOS  |e 20080314  |h 331.12 COM  |p 005100038750  |q 005100038750  |t BK  |y 0 
901 |a BIBL1-2008-1 
909 |a Λ  |b 145862 
922 |a 1ΕΛΗ  |b 200802  |c ΕΠΕΑΕΚ2/ΤΠ  |d ΠΑΠΑΣΩΤΗΡΙΟΥ 
970 |a ΓΙΑΛΑΜΑ  |b ΜΑΡΙΑ  |z 2008/03/14